| 000 | 00785nam a2200253 a 4500 | ||
|---|---|---|---|
| 003 | MX-MxUPN | ||
| 005 | 20240424063734.0 | ||
| 008 | 991125s1990 sp 000 0 spa d | ||
| 020 | _a8432303895 | ||
| 035 | _aUPN01000053151 | ||
| 040 |
_aMX-MxUPN _bspa _cMX-MxUPN |
||
| 041 | 1 |
_aspa _heng |
|
| 050 | 4 |
_aGN473 _bT878 1990 |
|
| 100 | 1 |
_aTurner, Victor W. _q(Victor Witter), _d1920-1983 _951689 |
|
| 245 | 1 | 3 |
_aLa selva de los símbolos : _baspectos del ritual ndembu |
| 250 | _aSegunda edición. | ||
| 260 |
_aMadrid : _bSiglo XXI, _c1990 |
||
| 300 |
_a455 páginas : _bilustraciones |
||
| 490 | 0 | _aAntropología | |
| 500 | _aTraducción de: The forest of symbols. Aspects of Ndembu ritual. | ||
| 650 | 4 |
_aRitualismo _921915 |
|
| 650 | 4 |
_aSimbolismo _915951 |
|
| 942 |
_2lcc _cLIBRO |
||
| 999 |
_c53151 _d53151 |
||